| 000 | 01969nam a2200241 a 4500 | ||
|---|---|---|---|
| 001 | 2024307 | ||
| 003 | AM-YEHGA | ||
| 005 | 20251013114355.0 | ||
| 008 | 250704s1912 gs a|||gr|||||00||1|arm d | ||
| 040 | _aAM-YEHGA | ||
| 041 | 1 | _aarm | |
| 100 | 1 | _aԻւշկեւիչ, Ս. | |
| 245 | 1 | 0 |
_aԹագաւոր : _bՊիէս չորս արարուածով / _cՍ. Իւշկեւիչ ; Թարգմանիչ՝ Յովհ. Յովհաննիսեան ; Կովկասի Հայոց հայոց հրատարակչական ընկերութիւն. |
| 260 |
_aԹիֆլիս : _bՏպարան Ն. Աղանեանցի, _c1912. |
||
| 300 | _a(6 գիրք մեկ կազմի մեջ) ; 115 էջ | ||
| 440 | 0 |
_aՀանրային մատենադարան ; _n № 4-5 |
|
| 500 | _aԱլիգ 4 | ||
| 501 | _aՄեկ կազմի մեջ՝ Ջիօկօնդա ։ Ողբերգութիւն հինգ արարածով / Գաբրիէլ դ'Անունցիօ ; Ֆրանսէրէնից թարգմանեց՝ Ս. Յակոբեան ։ Թիֆլիս : Տպարան Ն. Աղանեանցի ։ 1912 ; Մուրացկանի պատմածը / Իլիա Ճաւճաւաձէ : Վրացերէնից թարգմանեց՝ Տ. Փիրումեան / Թիֆլիս ։ Տպարան Ն. Աղանեանցի : 1912 ; Աստծու կրակը / Ա․ Ահարոնեան ։ Թիֆլիս : Տպարան Ն. Աղանեանի : 1912 ; Յանցանք : Էտիւդ / Յովհաննէս Մալխասեան ։ Թիֆլիզ : Էլէքտրատպ. օր. Ն. Աղանեանի : 1913 ; Ծիլ ու ծաղիկ : Նօվելլաներ եւ արձակ բանաստեղծութիւններ / Սէյրի ։ Թիֆլիզ : Էլէքտրատպ. օր. Ն. Աղանեանի : 1913․ | ||
| 650 | 1 | 4 |
_aՌուս գրականություն _xԹատերգություն |
| 700 | 1 |
_aՀովհաննիսյան, Հովհաննես Մկրտչի, _d1864-1929 _eթարգմ. _4trl _93945 |
|
| 710 | 2 | _aԿովկասի հայոց հրատարակչական ընկերութիւն | |
| 942 |
_2udc _cBK |
||
| 999 |
_c535674 _d535674 |
||